Statystyki dla Pańatwa graniczące z Polską

Kliknij tutaj aby rozwiązać quiz!

Ogólne statystyki

  • Ten quiz został rozwiązany 63 razy
  • Średni wynik to 7 z 7

Statystyki odpowiedzi

Odpowiedź% Poprawnych
Białoruś
100%
Czechy
100%
Rosja
100%
Ukraina
100%
Niemcy
98%
Litwa
96%
Słowacja
96%

Rozkład punktacji

Percentyl według liczby udzielonych odpowiedzi

Procent ludzi z każdym wynikiem

Twoja historia wyników

Nie rozwiązałeś tego quizu